| 000 | 00360nam a2200145Ia 4500 | ||
|---|---|---|---|
| 003 | GCL | ||
| 008 | 140319s9999 xx 000 0 eng d | ||
| 040 |
_aGCL / _cGCL |
||
| 082 | 0 | 4 |
_a843 _bR I |
| 100 | 1 | _aRACINE | |
| 245 | 1 | 0 |
_aIPHIGENIE / _cRACINE |
| 260 |
_a[S.N] : _bLIBRAIRE GENERALE FRANCAISE ، _c1995 |
||
| 300 | _a159 P | ||
| 490 |
_aLE LIVRE DE POCHE _v0 |
||
| 999 |
_c23139 _d23139 |
||